000 00389nam a22001577a 4500
003 CEME
005 20210628203309.0
008 210119b xxu||||| |||| 00| 0 eng d
040 _c.
082 _a891.4393 SHA
100 _aShamim Ali Khan
_964546
245 _aMujahid -e- islam tipu sultan shaheed
260 _aLAHORE
_bILAM-O-PUBLISHERS
_c2002
300 _a154P
942 _cBK
_2ddc
999 _c573002
_d573002